000 00721nam a2200289Ia 4500
005 20260324130923.0
008 008 260324s9999 xx 000 0 eng d
020 _a9780429248979
037 _aEBOOK
040 _aCRL
040 _beng
040 _cCRL
041 _2eng
041 _aeng
084 _qCRL
100 _aCarole L. Jurkiewicz; Murphy J. Painter
_91183547
245 0 _aSocial and Economic Control of Alcohol
245 4 _bThe 21st Amendment in the 21st Century
260 _bTaylor and Francis
260 _c2007
365 _a
365 _b150
856 _uhttp://www.taylorfrancis.com/books/9780429248979
942 _cEBOOK
999 _c1780250
_d1780250